书目信息 |
| 题名: |
建筑防热
|
|
| 作者: | 林其标 编著 | |
| 分册: | ||
| 出版信息: | 广州 广东科技出版社 1997.05 |
|
| 页数: | 174页 | |
| 开本: | 32开 | |
| 丛书名: | ||
| 单 册: | ||
| 中图分类: | ||
| 科图分类: | ||
| 主题词: | 建筑结构--特殊形式 | |
| 电子资源: | ||
| ISBN: | 7-5359-1765-8 | |
| 000 | 00565nam0 2200205 45 | |
| 001 | 9912111616 | |
| 005 | 20000911191436.7 | |
| 010 | @a7-5359-1765-8@d7.50元 | |
| 100 | @a19991211d1997 km y0chiy0120 ea | |
| 101 | @achi | |
| 105 | @a z 000yy | |
| 200 | 1 | @a建筑防热@AJian Zhu Fang Re@f林其标编著@FLin Qi Biao Bian Zhu |
| 210 | @a广州@c广东科技出版社@d1997.05 | |
| 215 | @a174页@d32开 | |
| 606 | 0 | @a建筑结构@x特殊形式 |
| 690 | @v3 | |
| 690 | @aTU352.59@v3 | |
| 701 | @a林其标@4编著 | |
| 801 | @aCN@bPFTUser@c19991211 | |
| 905 | @dTU352.59@eL068@b136245-264@f20 | |
| 建筑防热/林其标编著.-广州:广东科技出版社,1997.05 |
| 174页;32开 |
| ISBN 7-5359-1765-8:7.50元 |
| ● |
| 相关链接 |
|
|
|
正题名:建筑防热
索取号:TU352.59/L068
 
预约/预借
| 序号 | 登录号 | 条形码 | 馆藏地/架位号 | 状态 | 备注 |
| 1 | 136245 | 201362453 | 自科二线404/404自科库 27排2列2层/ [索取号:TU352.59/L068] | 在馆 | |
| 2 | 136246 | 201362462 | 自科二线404/404自科库 27排2列4层/ [索取号:TU352.59/L068] | 在馆 | |
| 3 | 136247 | 201362471 | 自科二线404/404自科库 27排2列4层/ [索取号:TU352.59/L068] | 在馆 | |
| 4 | 136248 | 201362480 | 自科二线404/404自科库 27排2列4层/ [索取号:TU352.59/L068] | 在馆 | |
| 5 | 136249 | 201362499 | 自科二线404/404自科库 27排3列4层/ [索取号:TU352.59/L068] | 在馆 | |
| 6 | 136250 | 201362505 | 自科二线404/404自科库 27排2列2层/ [索取号:TU352.59/L068] | 在馆 | |
| 7 | 136251 | 201362514 | 自科二线404/404自科库 27排2列2层/ [索取号:TU352.59/L068] | 在馆 | |
| 8 | 136252 | 201362523 | 自科二线404/404自科库 27排2列2层/ [索取号:TU352.59/L068] | 在馆 | |
| 9 | 136253 | 201362532 | 自科二线404/404自科库 27排2列2层/ [索取号:TU352.59/L068] | 在馆 | |
| 10 | 136254 | 201362541 | 自科二线404/404自科库 27排2列2层/ [索取号:TU352.59/L068] | 在馆 | |
| 11 | 136255 | 201362550 | 建筑库101/101建筑库 83排3列5层/ [索取号:TU352.59/L068] | 在馆 | |
| 12 | 136256 | 201362569 | 土木与交通工程学院资料室/土木与交通学院资料室 1排1列1层/ [索取号:TU352.59/L068] | 在馆 | |
| 13 | 136257 | 201362578 | 建筑库101/101建筑库 83排3列5层/ [索取号:TU352.59/L068] | 在馆 | |
| 14 | 136258 | 201362587 | 自科二线404/404自科库 27排2列2层/ [索取号:TU352.59/L068] | 在馆 | |
| 15 | 136259 | 201362596 | 建筑库101/101建筑库 83排1列5层/ [索取号:TU352.59/L068] | 在馆 | |
| 16 | 136260 | 201362603 | 建筑库101/101建筑库 83排1列5层/ [索取号:TU352.59/L068] | 在馆 | |
| 17 | 136261 | 201362612 | 自科二线404/404自科库 27排2列4层/ [索取号:TU352.59/L068] | 在馆 | |
| 18 | 136262 | 201362621 | 建筑库101/101建筑库 83排1列5层/ [索取号:TU352.59/L068] | 在馆 | |
| 19 | 136263 | 201362630 | 建筑库101/101建筑库 83排1列5层/ [索取号:TU352.59/L068] | 在馆 | |
| 20 | 136264 | 201362649 | 土木与交通工程学院资料室/土木与交通学院资料室 1排1列1层/ [索取号:TU352.59/L068] | 在馆 |